00355nam a22001457a 4500003000400000005001700004008004100021020001800062040002700080100001700107245004900124250000900173260001900182300000800201OSt20260330142453.0260330b |||||||| |||| 00| 0 eng d a9788123914886 cIIMT UNIVERSITY MEERUT a E.E. Jarald aTextbook of Pharmacognosy And Phytochemistry a2022 aNEW DELHIbCBS a586